000 00927nam a2200253Ia 4500
003 OSt
005 20220923211449.0
006 a|||||r|||| 00| 0
007 ta
008 220922b |||||||| |||| 00| 0 hin d
020 _a9789350684498 (hbk)
_c175
024 _a284,639
037 _b936, 23/03/2015, H.K. Prakashan
_cTextual
040 _aARTS
_cARTS
_bhin
041 _2hin
_ahin
082 _aO152,1I00:g, 153Q4
100 _aਸਿੰਘ, ਗੁਰਵੀਰ
_9156291
245 0 _aਭਗਤ ਕਬੀਰ ਬਾਣੀ
_b ਸਿਧਾਂਤਕ ਅਤੇ ਵਿਚਾਰਧਾਰਕ ਅਧਿਐਨ
260 _aਚੰਡੀਗੜ
_b ਲੋਕਗੀਤ ਪ੍ਰਕਾFਨ
_c2014
300 _a96ਪੰ
_ccm.
650 _aਹਿੰਦੀ ਸਾਹਿਤ
942 _hO152,1I00:g, 153Q4
_cTEXL
_2CC
999 _c299778
_d299778